00455nam a22001337a 450000500170000000800410001702000130005808200210007110000200009224501310011226000440024330000170028765000170030420240227072737.0240227b |||||||| |||| 00| 0 eng d a08030030 222a323.4.bHUM. aSamnoy, Ashild. aHuman Rights as International Consensus :bThe Making of the universal Declaration of Human Rights 1945-1948 /cAshild Samnoy. aUnited nations :bHuman Rights /c1993. avii, 164 p., aHuma rights.